[Event "KUW-ch"]
[Site "Kuwait City"]
[Date "2024.01.31"]
[Round "8"]
[White "Alghanim, Faisal"]
[Black "Albaloul, Mohammad"]
[Result "0-1"]
[WhiteElo "1280"]
[BlackElo "1378"]
[PlyCount "120"]
[EventDate "2024.01.22"]
[EventType "swiss"]
[EventRounds "9"]
[EventCountry "KUW"]
[SourceTitle "CBM 218 Extra"]
[Source "ChessBase"]
[SourceDate "2024.03.31"]
[SourceVersion "1"]
[SourceVersionDate "2024.03.31"]
[SourceQuality "1"]

1. e4 c5 2. Nf3 d6 3. d4 cxd4 4. Nxd4 Nf6 5. Nc3 a6 6. Bg5 e6 7. f4 Be7 8. Qd3 h6 9. Bxf6 Bxf6 10. 0-0-0 Qc7 11. Nde2 Be7 12. g4 b5 13. a3 Bb7 14. Rg1 Nc6 15. Bg2 b4 16. Na2 bxa3 17. Qxa3 Rc8 18. Qd3 0-0 19. Bh1 Rfd8 20. Nec3 Bf6 21. g5 hxg5 22. fxg5 Be5 23. h4 g6 24. h5 Bg7 25. h6 Bh8 26. Rgf1 Ne5 27. Qh3 Kh7 28. Rf2 a5 29. Nb5 Qc5 30. Rdf1 Rf8 31. Nbc3 Ba6 32. Bf3 Bxf1 33. Qxf1 Qe3+ 34. Kb1 Qxg5 35. Qh1 Nxf3 36. Qxf3 Be5 37. Qe2 Rb8 38. Qf1 Qe7 39. b3 Rb7 40. Qa6 Ra7 41. Qb5 Qb7 42. Qa4 Bxc3 43. Nxc3 Qb4 44. Qxb4 axb4 45. Nb5 Rd7 46. Rh2 e5 47. c3 bxc3 48. Nxc3 f5 49. Kc2 Rc8 50. Kd2 Rdc7 51. Rh3 f4 52. Nd5 Rc2+ 53. Kd3 Rg2 54. Nf6+ Kh8 55. h7 Rg3+ 56. Rxg3 fxg3 57. Ke2 g2 58. Kf2 Rf8 59. b4 Rxf6+ 60. Kxg2 Rf4 0-1

[Event "KUW-ch"]
[Site "Kuwait City"]
[Date "2024.01.23"]
[Round "2"]
[White "Alsaqer, Meshal"]
[Black "Albaloul, Mohammad"]
[Result "1-0"]
[WhiteElo "1753"]
[BlackElo "1378"]
[PlyCount "89"]
[EventDate "2024.01.22"]
[EventType "swiss"]
[EventRounds "9"]
[EventCountry "KUW"]
[SourceTitle "CBM 218 Extra"]
[Source "ChessBase"]
[SourceDate "2024.03.31"]
[SourceVersion "1"]
[SourceVersionDate "2024.03.31"]
[SourceQuality "1"]

1. d4 d5 2. Nf3 Nf6 3. c3 Bf5 4. Qb3 b6 5. Bg5 e6 6. e3 Be7 7. Qa4+ Qd7 8. Bb5 c6 9. Be2 b5 10. Qb3 0-0 11. 0-0 h6 12. Bf4 Bd6 13. a4 Bxf4 14. exf4 bxa4 15. Rxa4 Qd6 16. g3 Nbd7 17. Nbd2 c5 18. Qa3 Qc7 19. Ra1 c4 20. Ne5 Rfb8 21. Bf3 Bc2 22. Ra5 Nxe5 23. fxe5 Ne4 24. Bxe4 dxe4 25. Rc5 Qb7 26. Nxc4 Bd3 27. b4 Bxc4 28. Rxc4 Qb5 29. Rc7 a5 30. bxa5 Qd3 31. Qc1 Rb3 32. Qf4 Qf3 33. Qxf3 exf3 34. h3 Rb2 35. a6 Rbb8 36. g4 f6 37. exf6 gxf6 38. a7 Rb6 39. Kh2 e5 40. Kg3 exd4 41. cxd4 Kh8 42. d5 Rd6 43. Rb7 Rdd8 44. Kxf3 Rxd5 45. Rb8+ 1-0